| 000 | 01367nam a2200265Ia 4500 | ||
|---|---|---|---|
| 999 |
_c5035 _d5035 |
||
| 003 | OSt | ||
| 005 | 20200506093748.0 | ||
| 008 | 191128s2012 ck gr 000 0 spa d | ||
| 020 | _a9789586957694 | ||
| 040 |
_aCO-JMCR _cCO-JMCR |
||
| 041 | 0 | _aspa | |
| 082 | 0 | 4 |
_a306.24 / _bR618l |
| 100 | 1 |
_aRodríguez Garavito, César, _ecoordinador _93960 |
|
| 245 | 1 | 0 |
_aLas instituciones en Colombia : _bun análisis sociológico / _ccoordinadores César Rodríguez Garavito y Alejandro Portes |
| 250 | _aPrimera edición | ||
| 260 |
_aBogotá : _bUniversidad de Los Andes, _c2012 |
||
| 300 |
_a252 páginas ; _c24 cm. |
||
| 490 | _aEstudios cijus | ||
| 505 | _aInstituciones y desarrollo : una revisión conceptual -- La paradoja de las instituciones colombianas : un análisis sociológico -- Vida, pasión y muerte de la administración postal Nacional de Colombia -- De club de caballeros a foro electrónico | ||
| 520 | _aExiste un consenso sobre la importancia de las instituciones para el desempeño económico de los países. Sin embargo, se sabe muy poco sobre cómo funcionan las entidades públicas y privadas en la práctica y sobre su impacto social y económico. | ||
| 650 | 1 | 4 |
_aDesempeño económico _zColombia _93961 |
| 650 | 2 | 4 |
_aSeguridad social Instituciones _zColombia _93962 |
| 700 | 1 |
_aPortes, Alejandro, _ecoordinador _93963 |
|
| 942 |
_2ddc _cBK |
||